| 000 | 00855nam a22001815i 4500 | ||
|---|---|---|---|
| 001 | 170746 | ||
| 003 | ES-MaACL | ||
| 005 | 20230906214441.0 | ||
| 008 | 090402s1869 sp |||| | spa d | ||
| 100 | 1 |
_aFotún, Tomás. _9139718 |
|
| 245 | 1 | 3 |
_aEl robo de Elena _b: zarzuela bufa en tres actos / _carreglada á la música de Offembach por Tomás Fortún y Miguel Pastorfido. |
| 260 |
_aMadrid : _b[s.n.], _c1869 ( _fImpr. de José Rodríguez) |
||
| 300 |
_a75 p. ; _c19 cm. |
||
| 500 | _aEn port.: Representada por primera vez en el Teatro de la Zarzuela el día 29 de mayo de 1869. | ||
| 700 | 1 |
_aPastorfido, Miguel. _989537 |
|
| 700 | 0 |
_aOffembach, Jacques. _986558 |
|
| 852 |
_aES-MaACL _jF-8559(2) _zEnc. pasta española _q.- Falto de la cub. original _z.- Enc. en un vol. facticio, formando parte de la col. facticia "Teatro español moderno", v. 11 |
||
| 999 |
_c170746 _d170746 |
||